[Event "Bundesliga 9900"]
[Site "Deutschland"]
[Date "1999.12.11"]
[Round "5.6"]
[White "Kachiani Gersinska, Ketino"]
[Black "Brynell, Stellan"]
[Result "1-0"]
[WhiteElo "2427"]
[BlackElo "2488"]
[PlyCount "75"]
[EventDate "1999.10.09"]
[EventType "team"]
[EventRounds "15"]
[EventCountry "GER"]
[SourceTitle "Bundesliga 9900"]
[Source "DeepChess"]
[SourceDate "2005.01.01"]
[SourceVersion "1"]
[SourceVersionDate "2005.01.01"]
[SourceQuality "1"]
[WhiteTeam "TV Tegernsee"]
[BlackTeam "SF Neukoelln 03 e.V."]
[WhiteTeamCountry "GER"]
[BlackTeamCountry "GER"]

1. d4 d5 2. c4 dxc4 3. e3 e5 4. Bxc4 exd4 5. exd4 Bd6 6. Nc3 Nf6 7. Nf3 O-O 8.
O-O Nc6 9. h3 h6 10. Re1 Bf5 11. d5 Ne7 12. Nd4 Bh7 13. Ndb5 a6 14. Nxd6 Qxd6
15. a4 Rad8 16. b3 Nexd5 17. Nxd5 Nxd5 18. Ba3 c5 19. Qf3 b5 20. axb5 axb5 21.
Bxb5 Nb4 22. Bxb4 cxb4 23. Bc4 Qc7 24. h4 Qc5 25. Ra6 Qd4 26. Re7 Qxh4 27. Rxf7
Rxf7 28. Qxf7+ Kh8 29. Rd6 Ra8 30. Ra6 Rd8 31. Re6 Rd1+ 32. Bf1 Rxf1+ 33. Kxf1
Bd3+ 34. Kg1 Kh7 35. Re8 h5 36. Qg8+ Kh6 37. Re6+ Bg6 38. Qh8+ 1-0

[Event "Bundesliga 9900"]
[Site "Deutschland"]
[Date "1999.12.11"]
[Round "5.7"]
[White "Polzin, Rainer"]
[Black "Klundt, Klaus"]
[Result "1/2-1/2"]
[WhiteElo "2475"]
[BlackElo "2407"]
[PlyCount "83"]
[EventDate "1999.10.09"]
[EventType "team"]
[EventRounds "15"]
[EventCountry "GER"]
[SourceTitle "Bundesliga 9900"]
[Source "DeepChess"]
[SourceDate "2005.01.01"]
[SourceVersion "1"]
[SourceVersionDate "2005.01.01"]
[SourceQuality "1"]
[WhiteTeam "SF Neukoelln 03 e.V."]
[BlackTeam "TV Tegernsee"]
[WhiteTeamCountry "GER"]
[BlackTeamCountry "GER"]

1. e4 c5 2. Nc3 Nc6 3. Nf3 g6 4. d4 cxd4 5. Nxd4 Bg7 6. Be3 Nf6 7. Bc4 O-O 8.
Bb3 Qa5 9. O-O d6 10. h3 Bd7 11. Re1 Rac8 12. Nd5 Rfe8 13. Nxf6+ Bxf6 14. c3
Nxd4 15. cxd4 Bg7 16. Bd2 Qb6 17. Bc3 Bb5 18. Qd2 Bc4 19. Bc2 e5 20. d5 Rf8 21.
b3 Bb5 22. Rac1 Bh6 23. Qxh6 Rxc3 24. Bd1 Rfc8 25. Rxc3 Rxc3 26. h4 Qd4 27. h5
Rd3 28. hxg6 hxg6 29. Bf3 Rd2 30. Qh4 Rxa2 31. Rc1 Ra1 32. Qd8+ Kg7 33. Rxa1
Qxa1+ 34. Kh2 Qa3 35. Kg3 Qc5 36. Qe7 Qb6 37. Bg4 Kg8 38. Be6 fxe6 39. dxe6 Qd4
40. Qf7+ Kh8 41. Qf8+ Kh7 42. Qe7+ 1/2-1/2

[Event "Bundesliga 9900"]
[Site "Deutschland"]
[Date "1999.12.11"]
[Round "5.8"]
[White "Bayer, Bernhard"]
[Black "Schoene, Ralf"]
[Result "1/2-1/2"]
[WhiteElo "2295"]
[BlackElo "2385"]
[PlyCount "82"]
[EventDate "1999.10.09"]
[EventType "team"]
[EventRounds "15"]
[EventCountry "GER"]
[SourceTitle "Bundesliga 9900"]
[Source "DeepChess"]
[SourceDate "2005.01.01"]
[SourceVersion "1"]
[SourceVersionDate "2005.01.01"]
[SourceQuality "1"]
[WhiteTeam "TV Tegernsee"]
[BlackTeam "SF Neukoelln 03 e.V."]
[WhiteTeamCountry "GER"]
[BlackTeamCountry "GER"]

1. e4 e5 2. Nf3 Nc6 3. Bb5 Nf6 4. O-O Nxe4 5. d4 Nd6 6. Bxc6 dxc6 7. dxe5 Nf5
8. Qe2 Nd4 9. Nxd4 Qxd4 10. c3 Qg4 11. Qxg4 Bxg4 12. Be3 O-O-O 13. h3 Be6 14.
Re1 h6 15. Nd2 b6 16. a3 Be7 17. Nf3 c5 18. b4 Rd3 19. bxc5 bxc5 20. Rec1 Rhd8
21. c4 Kb7 22. Kf1 Kc6 23. Ke1 Rb8 24. Nd2 g5 25. Ke2 Bf5 26. g4 Bg6 27. Ra2
Bf8 28. h4 Be7 29. hxg5 hxg5 30. Nf3 f6 31. exf6 Bxf6 32. Rh1 Rd6 33. Rd2 Rb2
34. Rxb2 Bxb2 35. Nxg5 Bd3+ 36. Kf3 Bxc4 37. Kg3 Bd5 38. Rb1 Bxa3 39. Ra1 Bb4
40. Rxa7 c4 41. Nf3 Bxf3 1/2-1/2

[Event "Bundesliga 9900"]
[Site "Deutschland"]
[Date "1999.12.11"]
[Round "5.2"]
[White "Ribli, Zoltan"]
[Black "Slobodjan, Roman"]
[Result "1/2-1/2"]
[WhiteElo "2586"]
[BlackElo "2550"]
[PlyCount "80"]
[EventDate "1999.10.09"]
[EventType "team"]
[EventRounds "15"]
[EventCountry "GER"]
[SourceTitle "Bundesliga 9900"]
[Source "DeepChess"]
[SourceDate "2005.01.01"]
[SourceVersion "1"]
[SourceVersionDate "2005.01.01"]
[SourceQuality "1"]
[WhiteTeam "SK Passau 1869"]
[BlackTeam "USC Magdeburg"]
[WhiteTeamCountry "GER"]
[BlackTeamCountry "GER"]

1. Nf3 d5 2. d4 c6 3. c4 Nf6 4. Nc3 a6 5. a4 e6 6. Bg5 Nbd7 7. cxd5 exd5 8. e3
a5 9. Bd3 Be7 10. Qc2 O-O 11. O-O Re8 12. h3 Nf8 13. Rab1 Nh5 14. Bxe7 Qxe7 15.
Rfe1 Nf6 16. e4 dxe4 17. Nxe4 Nxe4 18. Bxe4 Be6 19. d5 cxd5 20. Bxd5 Red8 21.
Rbd1 Ra6 22. Bxb7 Rxd1 23. Bxa6 Rxe1+ 24. Nxe1 Bxh3 25. Qc3 Bd7 26. Bb5 Qd8 27.
Bxd7 Nxd7 28. b4 axb4 29. Qxb4 Nb8 30. Nf3 Nc6 31. Qb5 Qd1+ 32. Kh2 Qd6+ 33. g3
h6 34. Kg2 Qe6 35. Qd3 Qf6 36. Qc4 g6 37. Qd5 Qc3 38. a5 Nxa5 39. Ne5 Qc7 40.
Nxg6 Qb7 1/2-1/2

[Event "Bundesliga 9900"]
[Site "Deutschland"]
[Date "1999.12.11"]
[Round "5.3"]
[White "Rogozenko, Dorian"]
[Black "Wells, Peter K"]
[Result "1-0"]
[WhiteElo "2576"]
[BlackElo "2476"]
[PlyCount "63"]
[EventDate "1999.10.09"]
[EventType "team"]
[EventRounds "15"]
[EventCountry "GER"]
[SourceTitle "Bundesliga 9900"]
[Source "DeepChess"]
[SourceDate "2005.01.01"]
[SourceVersion "1"]
[SourceVersionDate "2005.01.01"]
[SourceQuality "1"]
[WhiteTeam "USC Magdeburg"]
[BlackTeam "SK Passau 1869"]
[WhiteTeamCountry "GER"]
[BlackTeamCountry "GER"]

1. c4 Nf6 2. Nc3 e5 3. Nf3 Nc6 4. g3 Bb4 5. Nd5 Bc5 6. Bg2 d6 7. O-O O-O 8. d3
h6 9. e3 a6 10. b3 Ba7 11. Nxf6+ Qxf6 12. Bb2 Bg4 13. h3 Bh5 14. Bc3 Qe7 15. b4
f5 16. Qb3 Kh8 17. Qb2 Nd8 18. Rae1 Ne6 19. Nd2 c6 20. Kh2 Rad8 21. f4 Bb8 22.
Nf3 Kg8 23. Qb3 e4 24. dxe4 fxe4 25. Nd4 Nc7 26. g4 Bg6 27. f5 d5 28. fxg6 Ne6+
29. Kg1 Qd6 30. Rxf8+ Rxf8 31. Nf5 Qh2+ 32. Kf1 1-0

[Event "Bundesliga 9900"]
[Site "Deutschland"]
[Date "1999.12.11"]
[Round "5.4"]
[White "Enders, Peter"]
[Black "Baklan, Vladimir"]
[Result "1/2-1/2"]
[WhiteElo "2493"]
[BlackElo "2591"]
[PlyCount "88"]
[EventDate "1999.10.09"]
[EventType "team"]
[EventRounds "15"]
[EventCountry "GER"]
[SourceTitle "Bundesliga 9900"]
[Source "DeepChess"]
[SourceDate "2005.01.01"]
[SourceVersion "1"]
[SourceVersionDate "2005.01.01"]
[SourceQuality "1"]
[WhiteTeam "SK Passau 1869"]
[BlackTeam "USC Magdeburg"]
[WhiteTeamCountry "GER"]
[BlackTeamCountry "GER"]

1. e4 c5 2. Nf3 Nc6 3. d4 cxd4 4. Nxd4 Nf6 5. Nc3 d6 6. Bg5 e6 7. Qd2 a6 8.
O-O-O Bd7 9. f4 b5 10. Bxf6 gxf6 11. Kb1 Qb6 12. Nxc6 Bxc6 13. Bd3 b4 14. Ne2
h5 15. Rhf1 a5 16. c4 Qc5 17. Rf3 Rg8 18. g3 Rd8 19. Rc1 Bg7 20. Rff1 a4 21. f5
e5 22. Ng1 h4 23. g4 a3 24. Nf3 axb2 25. Rc2 Ra8 26. Rxb2 Ra3 27. Rc1 Ke7 28.
Ne1 Rh8 29. Qxb4 Bh6 30. Qxc5 dxc5 31. Rcc2 Rd8 32. Rb3 Rxb3+ 33. axb3 Bxe4 34.
Bxe4 Rd1+ 35. Ka2 Rxe1 36. Bd5 Be3 37. b4 cxb4 38. c5 Kd7 39. Kb3 Rb1+ 40. Ka4
Kc7 41. Bxf7 Kc6 42. Be8+ Kc7 43. Bf7 Kc6 44. Be8+ Kc7 1/2-1/2

[Event "Bundesliga 9900"]
[Site "Deutschland"]
[Date "1999.12.11"]
[Round "5.5"]
[White "Georgiev, Vladimir"]
[Black "Stangl, Markus"]
[Result "1-0"]
[WhiteElo "2519"]
[BlackElo "2517"]
[PlyCount "73"]
[EventDate "1999.10.09"]
[EventType "team"]
[EventRounds "15"]
[EventCountry "GER"]
[SourceTitle "Bundesliga 9900"]
[Source "DeepChess"]
[SourceDate "2005.01.01"]
[SourceVersion "1"]
[SourceVersionDate "2005.01.01"]
[SourceQuality "1"]
[WhiteTeam "USC Magdeburg"]
[BlackTeam "SK Passau 1869"]
[WhiteTeamCountry "GER"]
[BlackTeamCountry "GER"]

1. d4 d5 2. c4 e6 3. Nc3 c6 4. e3 f5 5. Bd3 Bd6 6. Nge2 Nf6 7. f3 O-O 8. O-O
Qe7 9. Qb3 a5 10. Bd2 a4 11. Qc2 dxc4 12. Bxc4 b5 13. Bd3 Na6 14. a3 Bd7 15.
Kh1 Kh8 16. e4 fxe4 17. Nxe4 Nxe4 18. Bxe4 e5 19. Bc3 exd4 20. Bxd4 Rae8 21.
Rad1 c5 22. Bf2 h6 23. Qd2 Rf6 24. Bh4 g5 25. Bg3 Bxg3 26. Nxg3 Be6 27. Bc6 Rb8
28. Nh5 Rf7 29. Rfe1 Kg8 30. Qd3 Nc7 31. Qg6+ Kh8 32. Rd7 Qf8 33. Rxc7 Rxc7 34.
Qxe6 Rf7 35. Qe5+ Kh7 36. Be4+ Kg8 37. Bd5 1-0

[Event "Bundesliga 9900"]
[Site "Deutschland"]
[Date "1999.12.11"]
[Round "5.6"]
[White "Renner, Christoph"]
[Black "Proehl, Holger"]
[Result "1-0"]
[WhiteElo "2448"]
[BlackElo "2389"]
[PlyCount "155"]
[EventDate "1999.10.09"]
[EventType "team"]
[EventRounds "15"]
[EventCountry "GER"]
[SourceTitle "Bundesliga 9900"]
[Source "DeepChess"]
[SourceDate "2005.01.01"]
[SourceVersion "1"]
[SourceVersionDate "2005.01.01"]
[SourceQuality "1"]
[WhiteTeam "SK Passau 1869"]
[BlackTeam "USC Magdeburg"]
[WhiteTeamCountry "GER"]
[BlackTeamCountry "GER"]

1. e4 e6 2. d3 d5 3. Nd2 Nf6 4. Ngf3 b6 5. c3 Bb7 6. e5 Nfd7 7. Nb3 Be7 8. h4
c5 9. Bg5 Nc6 10. d4 a5 11. a3 Ba6 12. Bxa6 Rxa6 13. Qe2 c4 14. Nbd2 b5 15. Rh3
Qb6 16. Rg3 Bf8 17. h5 b4 18. Rb1 h6 19. Be3 Qb7 20. Nh4 Nb6 21. f4 Qe7 22. Qg4
Na4 23. axb4 axb4 24. Ra1 Qb7 25. Rxa4 Rxa4 26. f5 Nd8 27. Rf3 Ra2 28. fxe6
Nxe6 29. Ng6 Rg8 30. Nf4 Qd7 31. Ne2 Rh8 32. Qf5 Rxb2 33. Nxc4 dxc4 34. d5 bxc3
35. dxe6 Qxe6 36. Qe4 Rb8 37. Nd4 Qb6 38. Kf2 Qb7 39. Qf5 Qd5 40. Qf4 Rb7 41.
Qg4 Rb2+ 42. Kg1 Rb1+ 43. Kh2 Rb8 44. Nf5 c2 45. Bc1 Kd8 46. Rf4 Bc5 47. Qxg7
Re8 48. Nxh6 Rb7 49. Qf6+ Kc8 50. Nxf7 Rf8 51. e6 Qxh5+ 52. Rh4 Rbxf7 53. exf7
Qxf7 54. Qc6+ Qc7+ 55. Qxc7+ Kxc7 56. Rxc4 Kd6 57. Rxc2 Rh8+ 58. Kg3 Kd5 59.
Bf4 Bd4 60. Kf3 Rf8 61. Re2 Bc5 62. g3 Rf7 63. Kg4 Re7 64. Rd2+ Ke6 65. Kf3 Kf7
66. Rd5 Bb6 67. Kg4 Bc7 68. Bg5 Re4+ 69. Kf5 Rc4 70. Rd7+ Ke8 71. Re7+ Kf8 72.
Re3 Rc6 73. g4 Bd6 74. Re6 Kf7 75. Rf6+ Kg7 76. Be3 Kh7 77. Bd4 Ra6 78. Be5 1-0

[Event "Bundesliga 9900"]
[Site "Deutschland"]
[Date "1999.12.11"]
[Round "5.7"]
[White "Stolz, Mike"]
[Black "Gross, David2"]
[Result "0-1"]
[WhiteElo "2308"]
[BlackElo "2425"]
[PlyCount "90"]
[EventDate "1999.10.09"]
[EventType "team"]
[EventRounds "15"]
[EventCountry "GER"]
[SourceTitle "Bundesliga 9900"]
[Source "DeepChess"]
[SourceDate "2005.01.01"]
[SourceVersion "1"]
[SourceVersionDate "2005.01.01"]
[SourceQuality "1"]
[WhiteTeam "USC Magdeburg"]
[BlackTeam "SK Passau 1869"]
[WhiteTeamCountry "GER"]
[BlackTeamCountry "GER"]

1. e4 c5 2. c3 d5 3. exd5 Qxd5 4. d4 Nf6 5. dxc5 Qxc5 6. Na3 a6 7. Be3 Qc7 8.
Nc4 Nbd7 9. a4 b6 10. Nf3 g6 11. Qd4 Bg7 12. Nxb6 Nxb6 13. Qxb6 Qxb6 14. Bxb6
Rb8 15. Bc7 Rb7 16. Ba5 O-O 17. Bxa6 Rxb2 18. Bxc8 Rxc8 19. O-O Ne4 20. Rfe1 f5
21. Bb4 Nxf2 22. Rxe7 Ne4 23. a5 Bf6 24. Re6 Rxb4 25. Rxf6 Rxc3 26. Ra6 Kg7 27.
Ra7+ Kh6 28. Ne1 Rb2 29. a6 Re3 30. Re7 Ree2 31. h4 Ra2 32. Rxa2 Rxa2 33. a7
Nc3 34. Rb7 Nd5 35. Nf3 Nf6 36. Nd4 Ng4 37. Kf1 Ne3+ 38. Ke1 Nxg2+ 39. Kd1 f4
40. Kc1 Nxh4 41. Nb5 f3 42. Rf7 g5 43. Nc3 Ra1+ 44. Kd2 Kg6 45. Rf8 Rxa7 0-1

[Event "Bundesliga 9900"]
[Site "Deutschland"]
[Date "1999.12.11"]
[Round "5.8"]
[White "Schmidt, Peter"]
[Black "Markgraf, Alexander"]
[Result "1/2-1/2"]
[WhiteElo "2389"]
[BlackElo "2258"]
[PlyCount "39"]
[EventDate "1999.10.09"]
[EventType "team"]
[EventRounds "15"]
[EventCountry "GER"]
[SourceTitle "Bundesliga 9900"]
[Source "DeepChess"]
[SourceDate "2005.01.01"]
[SourceVersion "1"]
[SourceVersionDate "2005.01.01"]
[SourceQuality "1"]
[WhiteTeam "SK Passau 1869"]
[BlackTeam "USC Magdeburg"]
[WhiteTeamCountry "GER"]
[BlackTeamCountry "GER"]

1. Nf3 g6 2. e4 Bg7 3. d4 c6 4. Nc3 d5 5. h3 Nf6 6. Bd3 dxe4 7. Nxe4 Nxe4 8.
Bxe4 O-O 9. O-O Nd7 10. Bg5 h6 11. Bh4 g5 12. Bg3 f5 13. Bd3 f4 14. Bc4+ Kh8
15. Nxg5 Nb6 16. Nf7+ Rxf7 17. Bxf7 fxg3 18. c3 Qd6 19. Qe2 c5 20. dxc5 1/2-1/2

[Event "Bundesliga 9900"]
[Site "Deutschland"]
[Date "1999.12.12"]
[Round "6.1"]
[White "Agdestein, Simen"]
[Black "Lutz, Christopher"]
[Result "1/2-1/2"]
[WhiteElo "2580"]
[BlackElo "2591"]
[PlyCount "52"]
[EventDate "1999.10.09"]
[EventType "team"]
[EventRounds "15"]
[EventCountry "GER"]
[SourceTitle "Bundesliga 9900"]
[Source "DeepChess"]
[SourceDate "2005.01.01"]
[SourceVersion "1"]
[SourceVersionDate "2005.01.01"]
[SourceQuality "1"]
[WhiteTeam "Delmenhorster SK 1931"]
[BlackTeam "SG Porz e.V."]
[WhiteTeamCountry "GER"]
[BlackTeamCountry "GER"]

1. d4 Nf6 2. c4 e6 3. Nc3 Bb4 4. e3 O-O 5. Bd3 d5 6. Nf3 b6 7. O-O Bb7 8. cxd5
exd5 9. a3 Bd6 10. b4 a6 11. Qb3 Qe7 12. b5 axb5 13. Nxb5 Nbd7 14. Nxd6 Qxd6
15. a4 Ba6 16. Rd1 Bxd3 17. Qxd3 c5 18. dxc5 bxc5 19. Bb2 Qa6 20. Qc2 Rfc8 21.
Ra3 h6 22. h3 Qe6 23. a5 Ne4 24. Ba1 Ndf6 25. Qa2 Ra6 26. Ne1 c4 1/2-1/2

[Event "Bundesliga 9900"]
[Site "Deutschland"]
[Date "1999.12.12"]
[Round "6.2"]
[White "Van Wely, Loek"]
[Black "Hodgson, Julian M"]
[Result "0-1"]
[WhiteElo "2629"]
[BlackElo "2605"]
[PlyCount "70"]
[EventDate "1999.10.09"]
[EventType "team"]
[EventRounds "15"]
[EventCountry "GER"]
[SourceTitle "Bundesliga 9900"]
[Source "DeepChess"]
[SourceDate "2005.01.01"]
[SourceVersion "1"]
[SourceVersionDate "2005.01.01"]
[SourceQuality "1"]
[WhiteTeam "SG Porz e.V."]
[BlackTeam "Delmenhorster SK 1931"]
[WhiteTeamCountry "GER"]
[BlackTeamCountry "GER"]

1. d4 d5 2. c4 c6 3. Nc3 Nf6 4. Nf3 a6 5. c5 Nbd7 6. Bf4 Nh5 7. Bd2 Nhf6 8. Bf4
Nh5 9. Bg5 h6 10. Bd2 Nhf6 11. Qc2 g6 12. h3 Qc7 13. e4 dxe4 14. Nxe4 Nxe4 15.
Qxe4 Nf6 16. Qe3 Be6 17. Ne5 Nd5 18. Qg3 Bg7 19. Bd3 h5 20. h4 Bf5 21. Bxf5
Bxe5 22. dxe5 gxf5 23. O-O-O O-O-O 24. Rhe1 Rdg8 25. Qf3 Rg4 26. Qxf5+ e6 27.
Qf3 Rxh4 28. Kb1 Rc4 29. Rc1 Rxc1+ 30. Bxc1 Qe7 31. Rh1 h4 32. g4 Kb8 33. g5
Qxc5 34. Qxf7 Qc4 35. Qf3 Nb4 0-1

[Event "Bundesliga 9900"]
[Site "Deutschland"]
[Date "1999.12.12"]
[Round "6.3"]
[White "Baburin, Alexander"]
[Black "Khalifman, Alexander"]
[Result "1/2-1/2"]
[WhiteElo "2593"]
[BlackElo "2628"]
[PlyCount "83"]
[EventDate "1999.10.09"]
[EventType "team"]
[EventRounds "15"]
[EventCountry "GER"]
[SourceTitle "Bundesliga 9900"]
[Source "DeepChess"]
[SourceDate "2005.01.01"]
[SourceVersion "1"]
[SourceVersionDate "2005.01.01"]
[SourceQuality "1"]
[WhiteTeam "Delmenhorster SK 1931"]
[BlackTeam "SG Porz e.V."]
[WhiteTeamCountry "GER"]
[BlackTeamCountry "GER"]

1. d4 Nf6 2. c4 g6 3. Nf3 Bg7 4. g3 d5 5. Bg2 O-O 6. O-O Nc6 7. cxd5 Nxd5 8. e4
Nb6 9. d5 Na5 10. Qe1 Nac4 11. Nc3 e6 12. b3 Ne5 13. Nxe5 Bxe5 14. dxe6 Bxe6
15. Bb2 a5 16. Rd1 Qe7 17. f4 Bh8 18. f5 Bd7 19. Qf2 Bc6 20. f6 Qe6 21. e5 a4
22. Bxc6 Qxc6 23. Nxa4 Nxa4 24. bxa4 Rxa4 25. a3 h5 26. Rd4 Ra5 27. Rd2 Rc5 28.
Rfd1 Kh7 29. Qg2 Qa6 30. Rd7 Qe6 31. R7d5 Rc4 32. Qd2 Qb6+ 33. Kh1 Qc6 34. Qg2
Re8 35. Rd7 Qxg2+ 36. Kxg2 Bxf6 37. Rxf7+ Bg7 38. Rdd7 Rc2+ 39. Kh3 Rxb2 40.
Rxg7+ Kh6 41. Rxc7 Rxe5 42. Rxb7 1/2-1/2

[Event "Bundesliga 9900"]
[Site "Deutschland"]
[Date "1999.12.12"]
[Round "6.5"]
[White "Brenninkmeijer, Joris"]
[Black "Vaganian, Rafael A"]
[Result "1/2-1/2"]
[WhiteElo "2499"]
[BlackElo "2617"]
[PlyCount "131"]
[EventDate "1999.10.09"]
[EventType "team"]
[EventRounds "15"]
[EventCountry "GER"]
[SourceTitle "Bundesliga 9900"]
[Source "DeepChess"]
[SourceDate "2005.01.01"]
[SourceVersion "1"]
[SourceVersionDate "2005.01.01"]
[SourceQuality "1"]
[WhiteTeam "Delmenhorster SK 1931"]
[BlackTeam "SG Porz e.V."]
[WhiteTeamCountry "GER"]
[BlackTeamCountry "GER"]

1. d4 e6 2. c4 d5 3. Nc3 Be7 4. Nf3 Nf6 5. Bg5 h6 6. Bxf6 Bxf6 7. e3 O-O 8. Qb3
c6 9. Rd1 Nd7 10. Bd3 b6 11. O-O Bb7 12. e4 dxc4 13. Bxc4 b5 14. e5 Be7 15. Bd3
Qb6 16. Bb1 Rfd8 17. Qc2 Nf8 18. Ne4 Rd5 19. a3 b4 20. Ba2 Ba6 21. Rfe1 bxa3
22. Bxd5 exd5 23. Nd6 axb2 24. Rd2 Bxd6 25. exd6 Qb4 26. Qxb2 Qxd6 27. Qc3 Bb5
28. Ra2 Ne6 29. Ne5 a6 30. h3 Ra7 31. Raa1 Rc7 32. Nd3 c5 33. Nxc5 Nxc5 34.
dxc5 Rxc5 35. Qd4 Rc4 36. Qe5 Qxe5 37. Rxe5 d4 38. Rd5 Rb4 39. Rd8+ Kh7 40. Rd1
d3 41. Kh2 h5 42. Kg3 g5 43. Kf3 Rf4+ 44. Ke3 Rf5 45. Rd4 Re5+ 46. Re4 Rxe4+
47. Kxe4 Ba4 48. Rd2 Bc2 49. f4 a5 50. fxg5 a4 51. Ke3 a3 52. Rf2 Kg7 53. Rf6
a2 54. Ra6 Bb1 55. g3 Kf8 56. Ra7 Ke8 57. Kd2 Kd8 58. Kc3 Kc8 59. h4 Kb8 60.
Ra4 Kc7 61. Kb2 Kc6 62. Kc3 Kd5 63. Kd2 Kc5 64. Kc3 Kd5 65. Kd2 Kc5 66. Kc3
1/2-1/2

[Event "Bundesliga 9900"]
[Site "Deutschland"]
[Date "1999.12.12"]
[Round "6.6"]
[White "Andersson, Ulf"]
[Black "Gisbrecht, Ewgeni"]
[Result "1-0"]
[WhiteElo "2623"]
[BlackElo "2422"]
[PlyCount "121"]
[EventDate "1999.10.09"]
[EventType "team"]
[EventRounds "15"]
[EventCountry "GER"]
[SourceTitle "Bundesliga 9900"]
[Source "DeepChess"]
[SourceDate "2005.01.01"]
[SourceVersion "1"]
[SourceVersionDate "2005.01.01"]
[SourceQuality "1"]
[WhiteTeam "SG Porz e.V."]
[BlackTeam "Delmenhorster SK 1931"]
[WhiteTeamCountry "GER"]
[BlackTeamCountry "GER"]

1. Nf3 d5 2. d4 c6 3. c4 Nf6 4. e3 a6 5. Bd3 e6 6. Nbd2 Nbd7 7. b3 b6 8. O-O
Be7 9. Qe2 Bb7 10. Bb2 O-O 11. Rad1 dxc4 12. Nxc4 b5 13. Nce5 Nxe5 14. Nxe5 Qb6
15. Bb1 Rfd8 16. Nd3 g6 17. Rc1 Nd7 18. b4 a5 19. a3 Rdc8 20. Rfd1 Qd8 21. Bc2
Qf8 22. Nc5 Nxc5 23. dxc5 Rd8 24. Bb3 Rxd1+ 25. Rxd1 Rd8 26. Rd3 a4 27. Bc2 Bc8
28. f4 Rxd3 29. Bxd3 Bd7 30. Be4 Qd8 31. Qd2 Be8 32. Qc3 f6 33. Kf2 Kf7 34. g4
Bf8 35. Bf3 Be7 36. h4 Bf8 37. Ke2 Be7 38. Qc1 Qd7 39. Qc2 Qd8 40. h5 Kg8 41.
hxg6 hxg6 42. Be4 f5 43. Bg2 Bf6 44. g5 Bxb2 45. Qxb2 Qd7 46. Qe5 Kf7 47. Bf3
Qd8 48. e4 Qd7 49. Qa1 Kg8 50. Qf6 Qf7 51. Qxf7+ Kxf7 52. Ke3 Ke7 53. Kd4 Bd7
54. Ke5 Be8 55. Be2 Bd7 56. Bd3 Bc8 57. Bc2 Bd7 58. Bb1 Bc8 59. Ba2 Bd7 60.
exf5 exf5 61. Bg8 1-0

[Event "Bundesliga 9900"]
[Site "Deutschland"]
[Date "1999.12.12"]
[Round "6.7"]
[White "Lauber, Arnd"]
[Black "Hansen, Curt"]
[Result "1/2-1/2"]
[WhiteElo "2416"]
[BlackElo "2607"]
[PlyCount "144"]
[EventDate "1999.10.09"]
[EventType "team"]
[EventRounds "15"]
[EventCountry "GER"]
[SourceTitle "Bundesliga 9900"]
[Source "DeepChess"]
[SourceDate "2005.01.01"]
[SourceVersion "1"]
[SourceVersionDate "2005.01.01"]
[SourceQuality "1"]
[WhiteTeam "Delmenhorster SK 1931"]
[BlackTeam "SG Porz e.V."]
[WhiteTeamCountry "GER"]
[BlackTeamCountry "GER"]

1. d4 Nf6 2. c4 e6 3. Nf3 d5 4. Bg5 h6 5. Bh4 dxc4 6. Qa4+ Nbd7 7. Qxc4 a6 8.
Nbd2 c5 9. e3 b5 10. Qb3 cxd4 11. exd4 Bb7 12. a4 Bd5 13. Qd1 bxa4 14. Bxf6
gxf6 15. Qxa4 Bg7 16. Bc4 O-O 17. Bxd5 Nb6 18. Qc6 Rc8 19. Qb7 Nxd5 20. O-O Rb8
21. Qxa6 Rxb2 22. Nc4 Rb3 23. Ra3 Rb4 24. Ne3 f5 25. Qa5 Qxa5 26. Rxa5 Nc3 27.
Re1 Bxd4 28. Nxd4 Rxd4 29. Rc5 Ne4 30. Rc2 Rfd8 31. f3 Nf6 32. Ree2 Nh5 33. g3
f4 34. Nf1 fxg3 35. Nxg3 Nf4 36. Re4 Rd1+ 37. Nf1 Nh3+ 38. Kg2 Ng5 39. Re3 R8d4
40. Rf2 f5 41. Ra3 Kf7 42. Ng3 Kf6 43. Rb3 Nf7 44. Re2 R1d2 45. Rb2 Rxb2 46.
Rxb2 Ne5 47. Ne2 Ra4 48. Rb3 Ra2 49. Kf1 Ng6 50. f4 h5 51. Re3 h4 52. Rb3 Ra4
53. Rf3 Re4 54. h3 Rb4 55. Kf2 Kf7 56. Kf1 Ke7 57. Kf2 Ra4 58. Kg2 Ra2 59. Kf2
Rb2 60. Kf1 Rb1+ 61. Kf2 Rb4 62. Kg2 Rc4 63. Kf2 Kf6 64. Kg2 Ne7 65. Ra3 Nd5
66. Kf3 Re4 67. Rb3 Ke7 68. Ra3 Kd6 69. Ra6+ Kc5 70. Ra3 Kb4 71. Ra6 Kb5 72.
Rxe6 Rxe6 1/2-1/2

[Event "Bundesliga 9900"]
[Site "Deutschland"]
[Date "1999.12.12"]
[Round "6.8"]
[White "Vogt, Lothar"]
[Black "Breutigam, Martin"]
[Result "1/2-1/2"]
[WhiteElo "2485"]
[BlackElo "2343"]
[PlyCount "99"]
[EventDate "1999.10.09"]
[EventType "team"]
[EventRounds "15"]
[EventCountry "GER"]
[SourceTitle "Bundesliga 9900"]
[Source "DeepChess"]
[SourceDate "2005.01.01"]
[SourceVersion "1"]
[SourceVersionDate "2005.01.01"]
[SourceQuality "1"]
[WhiteTeam "SG Porz e.V."]
[BlackTeam "Delmenhorster SK 1931"]
[WhiteTeamCountry "GER"]
[BlackTeamCountry "GER"]

1. e4 e6 2. d4 d5 3. Nc3 Bb4 4. e5 Ne7 5. a3 Bxc3+ 6. bxc3 c5 7. Qg4 O-O 8. Bd3
Qa5 9. Bd2 Nbc6 10. Nf3 f5 11. Qh3 Qa4 12. dxc5 Ng6 13. Qg3 Qg4 14. Rb1 Ngxe5
15. Nxe5 Qxg3 16. hxg3 Nxe5 17. Bf4 Nf7 18. Be3 e5 19. f4 e4 20. Be2 Nd8 21. c4
dxc4 22. Bxc4+ Be6 23. Bxe6+ Nxe6 24. Rxb7 Rab8 25. Rxb8 Rxb8 26. Kd2 Rc8 27.
Rb1 a6 28. Rb6 Nxc5 29. Bxc5 Rxc5 30. Rxa6 Rd5+ 31. Ke2 Rc5 32. Kd2 Rd5+ 33.
Kc3 Kf7 34. Rb6 Rc5+ 35. Kd2 Rd5+ 36. Ke2 Rc5 37. Kd2 Rd5+ 38. Ke2 Rc5 39. Rb7+
Kg6 40. Kd2 Ra5 41. Rb3 Kh5 42. c4 Kg4 43. Rc3 Rc5 44. Ke3 h5 45. Kd4 Rc8 46.
c5 Rd8+ 47. Kc4 Re8 48. Kd4 Rd8+ 49. Kc4 Re8 50. Kd4 1/2-1/2